| 000 | 00554nam a2200181 a 4500 | ||
|---|---|---|---|
| 005 | 20210219152651.0 | ||
| 008 | 991125s1973 cl 000 0 spa u | ||
| 035 | _aUPN01000058248 | ||
| 049 | _aCG | ||
| 050 | 4 |
_aQA331 _bH3.98 |
|
| 100 | 1 | _aHauser, Arthur A. | |
| 245 | 1 | 0 |
_aVariable compleja / _cArthur A. Hauser ; tr. Peter Ujfalussy F. |
| 260 |
_aBogotá : _bFondo Educativo Interamericano, _c1973. |
||
| 300 |
_a417 p. : _bil. |
||
| 440 | 0 |
_aFondo. _pTeoría y problemas con solución |
|
| 650 | 4 | _aFUNCIONES DE VARIABLES COMPLEJAS | |
| 905 | _aLibro | ||
| 999 |
_c58248 _d58248 |
||